Word Ladder: Christmas Song Titles III Quiz Stats

 Plays Quiz Updated Dec 18, 2014

Challenge
Share
Tweet
Embed
Score 0/36 Timer 04:00
1 Play Today
Hint 4-Letter Word % Correct
✵ O Christmas ____TREE
98.5%
Without costFREE
97.6%
✵ The Twelve ____ of Christmas ✵DAYS
96%
✵ ____ Yourself a Merry Little Christmas ✵HAVE
95.8%
✵ I'll Be ____ For Christmas ✵HOME
95.5%
✵ We ____ You a Merry Christmas ✵WISH
93.3%
Specified gathering (i.e., Oktober-, love-)FEST
93.1%
✵ God ____ Ye Merry, Gentlemen ✵REST
92.7%
✵ It ____Upon the Midnight Clear ✵CAME
92.7%
Natural underground chamberCAVE
92.4%
Multiple 12-inch segmentsFEET
91.9%
✵ Angels We Have Heard on ____HIGH
91.7%
Warm embracesHUGS
91.7%
Guitar neck dividerFRET
91.5%
Not narrowWIDE
90.6%
Iron oxidation RUST
90.6%
✵ Sleigh ____RIDE
90.4%
Deep, audible breath SIGH
90.1%
Hint 4-Letter Word % Correct
Jackman, Downs, or LaurieHUGH
89.8%
Woman's title equivalent to knightDAME
88.9%
Possessing knowledge and good judgmentWISE
88.1%
Rather, Aykroyd, and MarinoDANS
87.1%
Copenhagen residentDANE
86.4%
To have lifted with great effortHOVE
85.1%
Dark lords of Star WarsSITH
82.6%
Religious ceremonyRITE
81.6%
Action intended to deceive RUSE
79.6%
Old cronesHAGS
79%
Combustible cord (e.g. with dynamite)FUSE
78.8%
To quote source in documentCITE
78.8%
Robert (as Ted Striker) in 'Airplane!'HAYS
77.6%
✵ Once In Royal David’s ____CITY
71.5%
18th c. Scottish philosopher DavidHUME
70.6%
To express great angerFUME
70.5%
Feeling of sorrow and compassionPITY
70.1%
Lightweight jungle helmetPITH
69.6%

Today's Daily Dose

You're not logged in!

Compare scores with friends on all Sporcle quizzes.
Join for Free
OR
Log In

You Might Also Like...

Show Comments

Extras

Top Quizzes Today


Score Distribution

Your Account Isn't Verified!

In order to create a playlist on Sporcle, you need to verify the email address you used during registration. Go to your Sporcle Settings to finish the process.

Report this User

Report this user for behavior that violates our Community Guidelines.

Details: